| 000 | 01716nam a2200253 a 4500 | ||
|---|---|---|---|
| 003 | PILC | ||
| 005 | 20160229141627.0 | ||
| 008 | 121015s19uu xx 00 eng d | ||
| 020 | _a9781571104564 | ||
| 050 |
_aLB 1528 _b.H67 2007 |
||
| 100 | _aHorn, Martha. | ||
| 245 |
_aTalking, drawing, writing : _blessons for our youngest writers / _cMartha Horn & Mary Ellen Giacobbe. |
||
| 260 |
_aPortland, Me : _bStenhouse Publishers, _c2007. |
||
| 300 |
_axii, 252 pages : _bcolor illustrations ; _c28 cm. |
||
| 500 | _aIncludes bibliographical references. | ||
| 520 | _a"In Talking, Drawing, Writing: Lessons for Our Youngest Writers, Martha Horn and Mary Ellen Giacobbe invite readers to join them in classrooms where they listen, watch, and talk with children, then use what they learn to create lessons designed to meet children where they are and lead them into the world of writing, advocating for formal storytelling sessions, in which children tell about what they know, and for focused sketching sessions so that budding writers learn how to observe more carefully.". "The book's lessons are organized by topic and include oral storytelling, drawing, writing words, assessment, introducing booklets, and moving writers forward. Based on the authors' work in urban kindergarten and first-grade classes, the essence and structure of many of the lessons lend themselves to adaptation through fifth grade."--BOOK JACKET | ||
| 650 | _aLanguage arts (Primary). | ||
| 650 | _aCreative writing (Primary education). | ||
| 650 |
_aDrawing _xStudy and teaching (Primary). |
||
| 650 |
_aStorytelling _xStudy and teaching (Primary). |
||
| 700 | _aGiacobbe, Mary Ellen. | ||
| 942 |
_cBK _2lcc _kFOR |
||
| 999 |
_c22418 _d22418 |
||